Miles de libros... aguardan su visita / aguardan su visita /
Descripción Física:
Il·lustracions
Colección:
San Jorge,
; núm. 13 (gener 1954), pàg 36-48
Otros Autores:
Dimas, Ramón
Idioma:
Español
MARC
| LEADER | 00000naa a2200000 a 4500 | ||
|---|---|---|---|
| 003 | Arxiu | ||
| 005 | 20260324181047.0 | ||
| 008 | 160829s1954 spcaxx s spa c | ||
| 040 | |a agdb | ||
| 100 | 1 | |a Amat, Manuel |9 20273 | |
| 245 | 1 | 0 | |a Miles de libros... |b aguardan su visita / |c por Manuel Amat ; información gráfica R. Dimas |
| 300 | |b Il·lustracions | ||
| 490 | |a San Jorge, |v núm. 13 (gener 1954), pàg 36-48 | ||
| 590 | |a Fotografies de: Dimas, Ramon | ||
| 610 | 2 | 0 | |9 54533 |a Biblioteca Central (Barcelona, Catalunya) |
| 650 | 0 | |a Biblioteques |z Barcelona (Catalunya) |9 34572 | |
| 700 | 1 | |9 54761 |a Dimas, Ramón |e fotografies | |
| 773 | |g Núm. 13 (gener 1954), pàg 36-48 |t San Jorge. | ||
| 901 | |a Arxiu | ||
| 942 | |n 1 |2 udc |c ART | ||
| 952 | |0 0 |1 0 |4 0 |6 REV509 |7 1 |9 64746 |a Arxiu |b Arxiu |d 2022-12-12 |l 0 |o Rev-509 |r 2022-12-12 00:00:00 |w 2022-12-12 |y ARXIU |z També disponible a Rev-523 | ||
| 999 | |c 52195 |d 52195 | ||